[Event "Madrid-chT 2425"]
[Site "Madrid"]
[Date "2024.11.24"]
[Round "1.4"]
[White "Rodriguez Avila, Alvaro"]
[Black "Nunez Miranda, Adrian"]
[Result "1/2-1/2"]
[WhiteElo "2256"]
[BlackElo "2111"]
[PlyCount "242"]
[GameId "2115750900981828"]
[EventDate "2024.11.24"]
[EventType "team-tourn"]
[EventRounds "14"]
[EventCountry "ESP"]
[SourceVersionDate "2011.03.15"]
[WhiteTeam "Tajamar"]
[BlackTeam "Alcala de Henares"]
[WhiteTeamCountry "ESP"]
[BlackTeamCountry "ESP"]

1. e4 d6 2. d4 Nf6 3. Nc3 e5 4. Nf3 Nbd7 5. Bc4 Be7 6. O-O O-O 7. a4 a5 8. h3 c6 9. Re1 exd4 10. Qxd4 Nc5 11. Be3 Be6 12. Rad1 Nfd7 13. Bf1 Qb6 14. Bg5 Bxg5 15. Nxg5 Qxb2 16. Rb1 Qa3 17. Re3 h6 18. Nd5 Qxa4 19. Ne7+ Kh8 20. Nxe6 Qxd4 21. Nxd4 g6 22. Bc4 Ne5 23. Ba2 Rae8 24. f4 Rxe7 25. fxe5 Rxe5 26. Rbe1 Kg7 27. Nf3 Re7 28. e5 Rfe8 29. Kf2 dxe5 30. Nxe5 f5 31. Nc4 Rxe3 32. Rxe3 Ne4+ 33. Kg1 Rd8 34. Nxa5 Rd1+ 35. Kh2 Ra1 36. Ra3 f4 37. Nb3 Rf1 38. Nd4 g5 39. Bc4 Rd1 40. Rd3 Rc1 41. Ne2 Rxc2 42. Rd7+ Kf6 43. Rf7+ Kg6 44. Bd3 Rxe2 45. Rxb7 Re3 46. Bc2 Kf5 47. Rb6 Rc3 48. Ba4 Ng3 49. Rxc6 Ra3 50. Bc2+ Ke5 51. Rc5+ Kd6 52. Rc8 Ra1 53. Rd8+ Ke5 54. Rd1 Ra2 55. Bg6 h5 56. Bf7 Rb2 57. Be8 h4 58. Bc6 Nf5 59. Kg1 Ne3 60. Rc1 Kd4 61. Bf3 Kd3 62. Ra1 Kd2 63. Be4 Nd1 64. Bf3 Nc3 65. Rf1 Rb1 66. Rxb1 Nxb1 67. Kf2 Kd3 68. Bc6 Nd2 69. Bb7 Kd4 70. Ke2 Nc4 71. Ba8 Ne5 72. Bb7 Nc4 73. Ba8 Ke5 74. Bb7 Kf5 75. Bc8+ Kf6 76. Bb7 Ne5 77. Be4 g4 78. hxg4 Kg5 79. Kf1 Kxg4 80. Kg1 Kg3 81. Bd5 Nd3 82. Bc6 Nc5 83. Bd5 Na4 84. Bb7 Nc3 85. Bc6 Ne2+ 86. Kh1 h3 87. gxh3 Kxh3 88. Bb7 Kg3 89. Ba8 Kf2 90. Kh2 Ng1 91. Bb7 Nf3+ 92. Kh1 Nd2 93. Ba8 Ke3 94. Kg2 Ke2 95. Bb7 Ke3 96. Kg1 Ne4 97. Kf1 f3 98. Ba6 Ng3+ 99. Ke1 f2+ 100. Kd1 Ne4 101. Kc2 Nd2 102. Bb5 Nf3 103. Kd1 Ne5 104. Kc2 Nf3 105. Kd1 Kf4 106. Ba6 Nd4 107. Bc4 Nf5 108. Ba6 Kg3 109. Kd2 Nd6 110. Bd3 Kg2 111. Ba6 Ne4+ 112. Kd1 Kf3 113. Kc2 Ke3 114. Bf1 Nc5 115. Bb5 Ne6 116. Ba6 Nf4 117. Bf1 Ne2 118. Kd1 Nc3+ 119. Kc2 Ne2 120. Kd1 Nf4 121. Kc2 Kf3 1/2-1/2

[Event "Madrid-chT 2425"]
[Site "Madrid"]
[Date "2024.11.24"]
[Round "1.5"]
[White "Vaquerizo Calvo, Miguel Arturo"]
[Black "Rodriguez Lopez, David"]
[Result "0-1"]
[WhiteElo "2060"]
[BlackElo "2191"]
[PlyCount "146"]
[GameId "2115765229367382"]
[EventDate "2024.11.24"]
[EventType "team-tourn"]
[EventRounds "14"]
[EventCountry "ESP"]
[SourceVersionDate "2011.03.15"]
[WhiteTeam "Alcala de Henares"]
[BlackTeam "Tajamar"]
[WhiteTeamCountry "ESP"]
[BlackTeamCountry "ESP"]

1. e4 e5 2. f4 Bc5 3. Nf3 d6 4. Nc3 Nc6 5. Bb5 Bg4 6. h3 Bxf3 7. Bxc6+ bxc6 8. Qxf3 exf4 9. Qxf4 Qf6 10. d3 Rb8 11. Na4 Bd4 12. c3 Be5 13. Qxf6 Nxf6 14. O-O c5 15. b3 Nd7 16. Be3 Nb6 17. d4 Nxa4 18. bxa4 cxd4 19. cxd4 Bf6 20. Rac1 Rb7 21. a5 Bd8 22. d5 Rb4 23. a6 Rxe4 24. Bxa7 Ra4 25. Rc6 O-O 26. Rb1 Bf6 27. Bf2 Rxa2 28. a7 Rxf2 29. Kxf2 Bd4+ 30. Kf3 Bxa7 31. Rxc7 Bd4 32. Rbb7 f5 33. Rd7 Be5 34. Rb3 h6 35. Rdb7 Kh7 36. Rb8 Rf7 37. R3b7 Rf6 38. Re8 Rg6 39. Rf7 Rg3+ 40. Kf2 f4 41. Re6 Rd3 42. h4 Rxd5 43. Kf3 Rd3+ 44. Ke2 Rg3 45. Kf2 Rg4 46. Rf5 Rxh4 47. Rf8 Rg4 48. Rf5 Rg3 49. Kf1 Ra3 50. Kf2 Ra8 51. Kf3 Kg8 52. Re7 Ra3+ 53. Kf2 Bd4+ 54. Kf1 Ra1+ 55. Re1 Rxe1+ 56. Kxe1 Be5 57. Rh5 Kf7 58. Ke2 Kg6 59. Rh1 Kf5 60. Kf3 Kg5 61. Rd1 h5 62. Rh1 g6 63. Rd1 Kf5 64. Rh1 d5 65. Rd1 d4 66. Rh1 Bf6 67. Rh3 h4 68. Rh1 g5 69. Re1 Be5 70. Rd1 g4+ 71. Ke2 Ke4 72. Rd3 h3 73. gxh3 f3+ 0-1

[Event "Madrid-chT 2425"]
[Site "Madrid"]
[Date "2024.11.24"]
[Round "1.6"]
[White "Lazaro Azcutia, Miguel"]
[Black "Candela Martin, Alvaro"]
[Result "1-0"]
[WhiteElo "2145"]
[BlackElo "2022"]
[PlyCount "53"]
[GameId "2115767713005661"]
[EventDate "2024.11.24"]
[EventType "team-tourn"]
[EventRounds "14"]
[EventCountry "ESP"]
[SourceVersionDate "2011.03.15"]
[WhiteTeam "Tajamar"]
[BlackTeam "Alcala de Henares"]
[WhiteTeamCountry "ESP"]
[BlackTeamCountry "ESP"]

1. e4 e5 2. Nf3 Nc6 3. Bb5 a6 4. Ba4 d6 5. O-O Bd7 6. c4 Nge7 7. Nc3 Ng6 8. d4 Be7 9. d5 Nb8 10. Bxd7+ Nxd7 11. g3 h5 12. h4 Nf6 13. Ng5 Qd7 14. Qf3 Qg4 15. Qg2 Nh7 16. Nh3 O-O-O 17. Be3 Kb8 18. b4 Qc8 19. c5 Rdg8 20. Rfc1 dxc5 21. bxc5 c6 22. Rab1 Bd8 23. Qf1 Ka7 24. dxc6 Qxc6 25. Nd5 Kb8 26. Nb4 Qxe4 27. c6 1-0

[Event "Madrid-chT 2425"]
[Site "Madrid"]
[Date "2024.11.30"]
[Round "2.1"]
[White "Elissalt Cardenas, Hector"]
[Black "Plazuelo Pascual, Juan"]
[Result "1/2-1/2"]
[WhiteElo "2321"]
[BlackElo "2429"]
[PlyCount "38"]
[GameId "2117757731475806"]
[EventDate "2024.11.24"]
[EventType "team-tourn"]
[EventRounds "14"]
[EventCountry "ESP"]
[SourceVersionDate "2011.03.15"]
[WhiteTeam "Tajamar"]
[BlackTeam "Alcorcon Diagonal"]
[WhiteTeamCountry "ESP"]
[BlackTeamCountry "ESP"]

1. c4 e6 2. g3 d5 3. Bg2 d4 4. Nf3 Nc6 5. e3 Bc5 6. O-O Nge7 7. Nxd4 Nxd4 8. b4 Bxb4 9. exd4 c6 10. Qb3 Ba5 11. Bb2 O-O 12. Na3 Bxd2 13. Rfd1 Bg5 14. h4 Bf6 15. Rab1 Qc7 16. d5 exd5 17. Bxf6 gxf6 18. cxd5 Nxd5 19. Nb5 cxb5 1/2-1/2

[Event "Madrid-chT 2425"]
[Site "Madrid"]
[Date "2024.11.30"]
[Round "2.2"]
[White "Horcajuelo Rocamora, Martin"]
[Black "Mkrtchyan, Levon"]
[Result "1-0"]
[WhiteElo "2399"]
[BlackElo "2268"]
[PlyCount "57"]
[GameId "2117759321829759"]
[EventDate "2024.11.24"]
[EventType "team-tourn"]
[EventRounds "14"]
[EventCountry "ESP"]
[SourceVersionDate "2011.03.15"]
[WhiteTeam "Alcorcon Diagonal"]
[BlackTeam "Tajamar"]
[WhiteTeamCountry "ESP"]
[BlackTeamCountry "ESP"]

1. d4 Nf6 2. c4 c5 3. d5 e6 4. Nc3 exd5 5. cxd5 Bd6 6. Nf3 Bc7 7. Bg5 d6 8. e3 O-O 9. h3 a6 10. a4 Nbd7 11. Be2 Re8 12. Bf4 Nf8 13. O-O Ng6 14. Bh2 Rb8 15. Nd2 Ne5 16. e4 Bd7 17. f4 Ng6 18. a5 Bxa5 19. Rxa5 Qxa5 20. e5 Qb4 21. exf6 Qxb2 22. Qc1 Qb4 23. f5 Qd4+ 24. Kh1 Re3 25. Ndb1 Ne5 26. Bg1 Rxc3 27. Qg5 Rxh3+ 28. gxh3 Qxd5+ 29. Bf3 1-0

[Event "Madrid-chT 2425"]
[Site "Madrid"]
[Date "2024.11.30"]
[Round "2.3"]
[White "Rodriguez Avila, Alvaro"]
[Black "Toncheva, Nadya"]
[Result "0-1"]
[WhiteElo "2248"]
[BlackElo "2298"]
[PlyCount "104"]
[GameId "2117785552720278"]
[EventDate "2024.11.24"]
[EventType "team-tourn"]
[EventRounds "14"]
[EventCountry "ESP"]
[SourceVersionDate "2011.03.15"]
[WhiteTeam "Tajamar"]
[BlackTeam "Alcorcon Diagonal"]
[WhiteTeamCountry "ESP"]
[BlackTeamCountry "ESP"]

1. e4 c5 2. Nf3 Nc6 3. d4 cxd4 4. Nxd4 g6 5. c4 Bg7 6. Be3 Nf6 7. Nc3 O-O 8. Be2 d6 9. O-O Bd7 10. h3 Nxd4 11. Bxd4 Bc6 12. Qc2 a5 13. Rad1 a4 14. c5 Qa5 15. cxd6 exd6 16. Bf3 Rfe8 17. Rfe1 a3 18. bxa3 Nd7 19. Bxg7 Kxg7 20. Rxd6 Ne5 21. Be2 Bxe4 22. Qd2 Bc6 23. f4 Qc5+ 24. Kh2 Nf3+ 25. Bxf3 Rxe1 26. Rd3 Rae8 27. Qb2 Kg8 28. Nd5 Bxd5 29. Rxd5 Qg1+ 30. Kg3 R1e3 31. Qd2 Rxa3 32. Rd7 b6 33. Qd5 Qe1+ 34. Kh2 Qe6 35. Qxe6 Rxe6 36. Bd5 Rf6 37. g3 Kg7 38. Bb3 Ra5 39. Kg2 Rc5 40. Rb7 Rc3 41. h4 h5 42. Rd7 Kf8 43. Rb7 Rd6 44. Rxf7+ Ke8 45. Rg7 Rd2+ 46. Kh3 Rc1 47. Rg8+ Ke7 48. Rg7+ Kd8 49. Rg8+ Kc7 50. Rg7+ Kb8 51. Rg8+ Ka7 52. g4 Rc3# 0-1

[Event "Madrid-chT 2425"]
[Site "Madrid"]
[Date "2024.11.30"]
[Round "2.4"]
[White "Neagu, Roberto Florin"]
[Black "Rodriguez Lopez, David"]
[Result "1/2-1/2"]
[WhiteElo "2211"]
[BlackElo "2197"]
[PlyCount "59"]
[GameId "2117787844587953"]
[EventDate "2024.11.24"]
[EventType "team-tourn"]
[EventRounds "14"]
[EventCountry "ESP"]
[SourceVersionDate "2011.03.15"]
[WhiteTeam "Alcorcon Diagonal"]
[BlackTeam "Tajamar"]
[WhiteTeamCountry "ESP"]
[BlackTeamCountry "ESP"]

1. d4 d5 2. c4 e6 3. Nc3 Nf6 4. cxd5 exd5 5. Bg5 Be7 6. e3 c6 7. Qc2 Nbd7 8. Bd3 O-O 9. Nf3 Re8 10. O-O h6 11. Bh4 Ne4 12. Bxe7 Qxe7 13. Bxe4 dxe4 14. Nd2 Nf6 15. b4 b6 16. a4 Bf5 17. Qb2 Qc7 18. Rfc1 Ng4 19. Nf1 Qd6 20. b5 Bd7 21. h3 Nf6 22. Nd2 Rac8 23. Nc4 Qe6 24. bxc6 Bxc6 25. Ne5 Nd5 26. Nb5 Re7 27. Nc4 Rd7 28. Ne5 Re7 29. Nc4 Rd7 30. Ne5 1/2-1/2

[Event "Madrid-chT 2425"]
[Site "Madrid"]
[Date "2024.11.30"]
[Round "2.5"]
[White "Lazaro Azcutia, Miguel"]
[Black "Machado la Rosa, Ariel"]
[Result "0-1"]
[WhiteElo "2158"]
[BlackElo "2175"]
[PlyCount "96"]
[GameId "2117788699013560"]
[EventDate "2024.11.24"]
[EventType "team-tourn"]
[EventRounds "14"]
[EventCountry "ESP"]
[SourceVersionDate "2011.03.15"]
[WhiteTeam "Tajamar"]
[BlackTeam "Alcorcon Diagonal"]
[WhiteTeamCountry "ESP"]
[BlackTeamCountry "ESP"]

1. e4 d5 2. exd5 Nf6 3. c4 c6 4. d4 cxd5 5. Nc3 Nc6 6. Nf3 Bg4 7. cxd5 Nxd5 8. Qb3 Bxf3 9. gxf3 e6 10. Qxb7 Nxd4 11. Bb5+ Nxb5 12. Qc6+ Ke7 13. Qc5+ Nd6 14. Nxd5+ exd5 15. O-O Kd7 16. Qxd5 Rc8 17. Rd1 Rc6 18. b4 Qf6 19. b5 Rb6 20. Be3 Qe6 21. Qa8 Qg6+ 22. Kh1 Rxb5 23. Rac1 Ke6 24. Bf4 Qf5 25. Bxd6 Bxd6 26. Rxd6+ Kxd6 27. Qc6+ Ke7 28. Re1+ Re5 29. Qc7+ Kf6 30. Qd6+ Qe6 31. Qd4 g5 32. f4 gxf4 33. Qxf4+ Qf5 34. Qh4+ Qg5 35. Qd4 Rg8 36. Qd6+ Re6 37. Qd4+ Ke7 38. Qb4+ Kf6 39. Qd4+ Ke7 40. Qb4+ Ke8 41. Qa4+ Kf8 42. Qb4+ Qe7 43. Qb8+ Qe8 44. Qb4+ Re7 45. f3 Rg6 46. Qc5 h6 47. a4 Qd8 48. h4 Qd6 0-1

[Event "Madrid-chT 2425"]
[Site "Madrid"]
[Date "2024.11.30"]
[Round "2.6"]
[White "Ruiz Vazquez, Javier"]
[Black "Sahuquillo Cruz, Alejandro"]
[Result "1-0"]
[WhiteElo "2130"]
[BlackElo "2037"]
[PlyCount "115"]
[GameId "2117793816551921"]
[EventDate "2024.11.24"]
[EventType "team-tourn"]
[EventRounds "14"]
[EventCountry "ESP"]
[SourceVersionDate "2011.03.15"]
[WhiteTeam "Alcorcon Diagonal"]
[BlackTeam "Tajamar"]
[WhiteTeamCountry "ESP"]
[BlackTeamCountry "ESP"]

1. e4 c5 2. Nf3 Nc6 3. Bc4 d6 4. O-O Nf6 5. d3 g6 6. Re1 Bg4 7. h3 Bxf3 8. Qxf3 Bg7 9. Nc3 Rb8 10. a4 a6 11. Qd1 Nd4 12. Be3 Nd7 13. Qc1 O-O 14. Ne2 b5 15. axb5 axb5 16. Bxd4 cxd4 17. Ba2 Qc7 18. b4 Nb6 19. Bb3 Na4 20. Qg5 Nc3 21. Nxc3 dxc3 22. Ra5 Bf6 23. Qe3 e6 24. Rea1 Rb7 25. Ra6 Rfb8 26. f4 Rb6 27. Ra7 R8b7 28. Ra8+ Rb8 29. f5 exf5 30. R8a7 R6b7 31. Rxb7 Rxb7 32. Bd5 Qb6 33. Qxb6 Rxb6 34. Ra7 Bd4+ 35. Kf1 fxe4 36. dxe4 Kg7 37. Rxf7+ Kh8 38. Ke2 Ra6 39. Kd3 Be5 40. Rf8+ Kg7 41. Ra8 Rb6 42. Ra7+ Kh8 43. g4 h6 44. Ke3 g5 45. Be6 Rb8 46. Bf5 Kg8 47. Be6+ Kh8 48. Bd7 Rf8 49. Bf5 Rb8 50. Ke2 Kg8 51. Bd7 Kh8 52. Ra5 Rb7 53. Bc6 Rf7 54. Rxb5 Rf4 55. Rb8+ Kg7 56. Rb7+ Kh8 57. Bd5 Bd4 58. Rf7 1-0

[Event "Madrid-chT 2425"]
[Site "Madrid"]
[Date "2024.12.01"]
[Round "2.2"]
[White "Pulvett Marin, Daniel Eduardo"]
[Black "Palenciano Escolar, Adrian"]
[Result "1/2-1/2"]
[WhiteElo "2474"]
[BlackElo "2119"]
[PlyCount "31"]
[GameId "2154865535198034"]
[EventDate "2024.11.24"]
[EventType "team-tourn"]
[EventRounds "14"]
[EventCountry "ESP"]
[SourceVersionDate "2011.03.15"]
[WhiteTeam "Collado Villalba"]
[BlackTeam "Alcala de Henares"]
[WhiteTeamCountry "ESP"]
[BlackTeamCountry "ESP"]

1. d4 Nf6 2. Nf3 g6 3. c4 Bg7 4. Nc3 O-O 5. e4 d6 6. Be2 e5 7. O-O Na6 8. Re1 Ng4 9. h3 exd4 10. Nxd4 Qf6 11. Nf3 Ne5 12. Nh2 Be6 13. Nd5 Qd8 14. Rb1 Nc5 15. f4 Nc6 16. Bg4 1/2-1/2

[Event "Madrid-chT 2425"]
[Site "Madrid"]
[Date "2024.12.01"]
[Round "2.3"]
[White "Gomez Gonzalez, Javier"]
[Black "Suarez Uriel, Adrian"]
[Result "0-1"]
[WhiteElo "2106"]
[BlackElo "2398"]
[PlyCount "78"]
[GameId "2118495648788541"]
[EventDate "2024.11.24"]
[EventType "team-tourn"]
[EventRounds "14"]
[EventCountry "ESP"]
[SourceVersionDate "2011.03.15"]
[WhiteTeam "Alcala de Henares"]
[BlackTeam "Collado Villalba"]
[WhiteTeamCountry "ESP"]
[BlackTeamCountry "ESP"]

{[%evp 0,78,11,25,23,29,23,10,17,105,33,101,32,38,12,16,12,18,20,-7,-64,-25,-66,-30,-35,-38,-48,-68,-31,-67,90,-64,-87,-60,-111,34,-53,39,-148,-212,-63,-115,-130,-207,-207,-206,-196,-41,-304,-32,-154,-145,-355,-464,-321,-313,-331,-298,-310,-411,-349,-443,-332,-443,-447,-482,-376,-417,-423,-521,-512,-552,-555,-537,-508,-492,-546,-574,-425,-656,-446]} 1. e4 c5 2. Nf3 d6 3. d4 cxd4 4. Nxd4 Nf6 5. Nc3 a6 6. Be2 e5 7. Nb3 Be7 8. O-O O-O 9. f4 b5 10. Bf3 Bb7 11. a3 Nbd7 12. Qe1 Rc8 13. f5 h6 14. g4 Nh7 15. Bg2 Nb6 16. Na5 Ba8 17. Be3 Bg5 18. Rd1 Bxe3+ 19. Qxe3 Na4 20. Nxa4 bxa4 21. b4 axb3 22. Nxb3 Rxc2 23. Rd3 Nf6 24. Bf3 d5 25. Bd1 d4 26. Nxd4 exd4 27. Rxd4 Qc7 28. Bxc2 Qxc2 29. Qd3 Qc5 30. Qc4 Qe5 31. Rfd1 Nxg4 32. Qe2 Nf6 33. Rd8 Bxe4 34. Rxf8+ Kxf8 35. Qxa6 Qc5+ 36. Kf1 Qxf5+ 37. Ke1 Kg8 38. Rd8+ Kh7 39. Qc8 Qe5 0-1

[Event "Madrid-chT 2425"]
[Site "Madrid"]
[Date "2024.12.01"]
[Round "2.4"]
[White "Zhou Li, Lulu"]
[Black "Yanez Rodriguez, Wilbert"]
[Result "1/2-1/2"]
[WhiteElo "2169"]
[BlackElo "2109"]
[PlyCount "128"]
[GameId "2118495668203589"]
[EventDate "2024.11.24"]
[EventType "team-tourn"]
[EventRounds "14"]
[EventCountry "ESP"]
[SourceVersionDate "2011.03.15"]
[WhiteTeam "Collado Villalba"]
[BlackTeam "Alcala de Henares"]
[WhiteTeamCountry "ESP"]
[BlackTeamCountry "ESP"]

1. e4 c5 2. Nf3 Nf6 3. Nc3 d5 4. e5 Nfd7 5. d4 e6 6. dxc5 Bxc5 7. Bd3 Nc6 8. Bf4 a6 9. O-O Be7 10. Re1 Nc5 11. Ne2 Bd7 12. a3 Rc8 13. Rc1 b5 14. Ned4 Na4 15. Nxc6 Bxc6 16. Rb1 Nc5 17. Nd4 Qb6 18. Be3 Qb8 19. f4 g6 20. Qd2 Bd7 21. Rec1 h5 22. Qf2 a5 23. Nb3 Nxb3 24. cxb3 O-O 25. Bb6 Rxc1+ 26. Rxc1 Rc8 27. Bc5 Kg7 28. Rc2 Bxc5 29. Rxc5 Rxc5 30. Qxc5 b4 31. a4 Qd8 32. g3 g5 33. Qe3 Bc6 34. Qd4 gxf4 35. gxf4 Qh4 36. Be2 Qe1+ 37. Bf1 Qe4 38. Qxe4 dxe4 39. Kf2 Bd5 40. Bc4 Kg6 41. h4 Kf5 42. Be2 Kxf4 43. Bxh5 Bxb3 44. Bxf7 e3+ 45. Ke1 Kxe5 46. Be8 Kf4 47. h5 Bc2 48. Bg6 Bf5 49. Bf7 e5 50. Be8 Bd3 51. Bg6 Bf5 52. Bf7 Kg5 53. Ke2 Bc2 54. Be8 Kf4 55. Bg6 b3 56. Bf7 Kg5 57. Kxe3 Kf6 58. Be8 Kg5 59. Kd2 Bf5 60. Ke3 Bc2 61. Bf7 Kf6 62. Be8 Bf5 63. Kf3 Kg5 64. Ke3 Kf6 1/2-1/2

[Event "Madrid-chT 2425"]
[Site "Madrid"]
[Date "2024.12.01"]
[Round "2.5"]
[White "Zavala Arevalo, Vicencio Noel"]
[Black "Centeno Mendoza, Julio Stefano"]
[Result "0-1"]
[WhiteElo "2056"]
[BlackElo "2161"]
[PlyCount "80"]
[GameId "2118501824827474"]
[EventDate "2024.11.24"]
[EventType "team-tourn"]
[EventRounds "14"]
[EventCountry "ESP"]
[SourceVersionDate "2011.03.15"]
[WhiteTeam "Alcala de Henares"]
[BlackTeam "Collado Villalba"]
[WhiteTeamCountry "ESP"]
[BlackTeamCountry "ESP"]

1. e4 e5 2. Nf3 Nc6 3. Bb5 a6 4. Ba4 Nf6 5. d4 exd4 6. O-O b5 7. Bb3 Be7 8. e5 Ne4 9. Bd5 Nc5 10. Nxd4 Bb7 11. Nf5 O-O 12. Qg4 g6 13. Re1 Ne6 14. Bh6 Re8 15. Nd2 Bf8 16. Nf3 Bxh6 17. Nxh6+ Kg7 18. Nf5+ Kf8 19. Bxe6 fxe6 20. Ng3 Qe7 21. Re4 Qg7 22. h4 Kg8 23. h5 Ne7 24. Rae1 Bxe4 25. Nxe4 Nd5 26. Qh4 Rf8 27. h6 Qf7 28. Nfg5 Qe7 29. g3 Rf5 30. f4 d6 31. exd6 cxd6 32. Nf2 Nc7 33. Qh1 Raf8 34. Qb7 e5 35. Nfh3 Qd7 36. Rd1 exf4 37. gxf4 Rxg5+ 38. Nxg5 Qg4+ 39. Kh2 Qxf4+ 40. Kh3 Qxg5 0-1

[Event "Madrid-chT 2425"]
[Site "Madrid"]
[Date "2024.12.01"]
[Round "2.3"]
[White "Gavarrete, Nahun"]
[Black "Martinez Fernandez, Raul"]
[Result "1-0"]
[WhiteElo "2242"]
[BlackElo "2200"]
[PlyCount "77"]
[GameId "2118503752851547"]
[EventDate "2024.11.24"]
[EventType "team-tourn"]
[EventRounds "14"]
[EventCountry "ESP"]
[SourceVersionDate "2011.03.15"]
[WhiteTeam "Villalba 64"]
[BlackTeam "San Sebastian de los Reyes"]
[WhiteTeamCountry "ESP"]
[BlackTeamCountry "ESP"]

1. c4 c5 2. Nc3 Nf6 3. g3 d5 4. cxd5 Nxd5 5. Bg2 Nc7 6. Nf3 Nc6 7. a3 g6 8. b4 cxb4 9. axb4 Bg7 10. O-O Nxb4 11. d4 Nc6 12. Qb3 Nxd4 13. Nxd4 Qxd4 14. Bb2 O-O 15. Na4 Qd6 16. Bxg7 Kxg7 17. Qc3+ e5 18. Rfd1 Qe7 19. Rac1 Nb5 20. Qc5 Qxc5 21. Rxc5 Nd4 22. Rxe5 Nc6 23. Bxc6 bxc6 24. Rd6 Rb8 25. f3 Ba6 26. Nc5 Bb5 27. Re7 Rfe8 28. Rxa7 Bxe2 29. Ne6+ Kh6 30. Nd4 Re5 31. Rxf7 Bd3 32. f4 Ra5 33. Rdd7 g5 34. f5 Kh5 35. Rxh7+ Kg4 36. Rdg7 Ra1+ 37. Kf2 Rf1+ 38. Ke3 Re8+ 39. Kd2 1-0

[Event "Madrid-chT 2425"]
[Site "Madrid"]
[Date "2024.12.01"]
[Round "2.4"]
[White "Fernandez Alvarez, Luis"]
[Black "Gutierrez Diaz, Pablo"]
[Result "1-0"]
[WhiteElo "2197"]
[BlackElo "1994"]
[PlyCount "107"]
[GameId "2118505067147362"]
[EventDate "2024.11.24"]
[EventType "team-tourn"]
[EventRounds "14"]
[EventCountry "ESP"]
[SourceVersionDate "2011.03.15"]
[WhiteTeam "San Sebastian de los Reyes"]
[BlackTeam "Villalba 64"]
[WhiteTeamCountry "ESP"]
[BlackTeamCountry "ESP"]

1. e4 c5 2. Nf3 Nc6 3. d4 cxd4 4. Nxd4 g6 5. Nc3 Bg7 6. Be3 Nf6 7. Bc4 O-O 8. Bb3 Qa5 9. O-O d6 10. h3 Bd7 11. Re1 Rfc8 12. Nxc6 Bxc6 13. Qd3 b5 14. Nd5 Bxd5 15. exd5 a6 16. Bd4 Qc7 17. Re2 Bf8 18. a4 Qb7 19. Qf3 Nd7 20. h4 Nc5 21. h5 Qd7 22. hxg6 hxg6 23. Rae1 Qf5 24. Qxf5 gxf5 25. Ba2 Bg7 26. Bxg7 Kxg7 27. axb5 axb5 28. Bb1 Ra1 29. c3 Kf6 30. g3 Rc7 31. Kg2 Na4 32. Kf3 Nb6 33. Rd1 Rc5 34. Red2 Nc4 35. Re2 Nb6 36. Red2 Nc4 37. Re2 e5 38. dxe6 fxe6 39. Kg2 Re5 40. Rc2 Rd5 41. Rh1 e5 42. Re2 Ra7 43. Rh5 e4 44. Bxe4 Re5 45. Bd3 Rxe2 46. Bxe2 Ra2 47. Bd3 Nxb2 48. Rxf5+ Ke7 49. Bxb5 Nd1 50. Rf3 Nb2 51. Re3+ Kf6 52. Re2 d5 53. g4 Kg5 54. Kg3 1-0

[Event "Madrid-chT 2425"]
[Site "Madrid"]
[Date "2024.12.01"]
[Round "2.5"]
[White "Blanco Samaniego, Alejandro"]
[Black "Reyes Penas, Sebastian"]
[Result "0-1"]
[WhiteElo "1953"]
[BlackElo "2194"]
[PlyCount "68"]
[GameId "2118510097002604"]
[EventDate "2024.11.24"]
[EventType "team-tourn"]
[EventRounds "14"]
[EventCountry "ESP"]
[SourceVersionDate "2011.03.15"]
[WhiteTeam "Villalba 64"]
[BlackTeam "San Sebastian de los Reyes"]
[WhiteTeamCountry "ESP"]
[BlackTeamCountry "ESP"]

1. e4 c5 2. Nf3 e6 3. Be2 d6 4. d4 cxd4 5. Nxd4 Nf6 6. Nc3 a6 7. Bg5 Be7 8. Qd2 h6 9. Be3 Qc7 10. f4 b5 11. a3 Bb7 12. Bf3 Nbd7 13. Nb3 Rc8 14. Qf2 h5 15. h3 h4 16. O-O-O Nh5 17. Bxh5 Rxh5 18. f5 Ne5 19. fxe6 fxe6 20. Nd4 Qd7 21. Rhf1 Bf6 22. Nde2 Nc4 23. g4 hxg3 24. Qxg3 Nxe3 25. Rxf6 gxf6 26. Rxd6 Rg5 27. Rxd7 Rxg3 28. Rxb7 Rxh3 29. Nf4 Rh1+ 30. Kd2 Nc4+ 31. Ke2 Nxb2 32. Na2 Rxc2+ 33. Kf3 Nd1 34. Nb4 Rf2+ 0-1

[Event "Madrid-chT 2425"]
[Site "Madrid"]
[Date "2024.12.01"]
[Round "2.6"]
[White "Quevedo Marin, Manuel"]
[Black "Blasco de la Cruz, Luis"]
[Result "1-0"]
[WhiteElo "2090"]
[BlackElo "1925"]
[PlyCount "75"]
[GameId "2118511153274995"]
[EventDate "2024.11.24"]
[EventType "team-tourn"]
[EventRounds "14"]
[EventCountry "ESP"]
[SourceVersionDate "2011.03.15"]
[WhiteTeam "San Sebastian de los Reyes"]
[BlackTeam "Villalba 64"]
[WhiteTeamCountry "ESP"]
[BlackTeamCountry "ESP"]

1. d4 Nf6 2. c4 d6 3. Nc3 g6 4. e4 Bg7 5. h3 O-O 6. Be3 e5 7. d5 c6 8. g4 cxd5 9. cxd5 a6 10. a4 b6 11. Be2 Ne8 12. Nf3 f5 13. gxf5 gxf5 14. exf5 Bxf5 15. Ng5 Qe7 16. Ne6 Bxe6 17. dxe6 Qxe6 18. Nd5 Kh8 19. Nxb6 Ra7 20. Bc4 Qf5 21. Qg4 Nc6 22. Qxf5 Rxf5 23. Be6 Rf6 24. Bd7 Nb4 25. Bxe8 Rf8 26. Nd5 Nxd5 27. Bxa7 Rxe8 28. O-O-O Nf4 29. Rxd6 e4 30. Rhd1 Nxh3 31. Rd8 Rg8 32. Be3 Bf6 33. Rxg8+ Kxg8 34. b4 Kf7 35. b5 axb5 36. a5 Ng5 37. a6 Ne6 38. a7 1-0

[Event "Madrid-chT 2425"]
[Site "Madrid"]
[Date "2024.12.01"]
[Round "2.1"]
[White "Blanco Diez, David"]
[Black "Martinez Reyes, Pedro Ramon"]
[Result "1-0"]
[WhiteElo "2267"]
[BlackElo "2351"]
[PlyCount "83"]
[GameId "2154865535198035"]
[EventDate "2024.11.24"]
[EventType "team-tourn"]
[EventRounds "14"]
[EventCountry "ESP"]
[SourceVersionDate "2011.03.15"]
[WhiteTeam "Jaque Mate"]
[BlackTeam "Blanco y Negro"]
[WhiteTeamCountry "ESP"]
[BlackTeamCountry "ESP"]

1. d4 d5 2. c4 e6 3. Nc3 c5 4. cxd5 exd5 5. Nf3 Nc6 6. dxc5 d4 7. Na4 Bxc5 8. Nxc5 Qa5+ 9. Bd2 Qxc5 10. Rc1 Qf5 11. Qa4 Nge7 12. Nxd4 Qe4 13. e3 Bd7 14. Qc2 Qd5 15. Nb5 O-O-O 16. e4 Qe6 17. Bf4 Qxa2 18. Nd6+ Kb8 19. Nxf7+ Ka8 20. Bc4 Qa5+ 21. Bd2 Qh5 22. Nxh8 Bh3 23. Be2 Bg4 24. Bc3 Nf5 25. Bxg4 Qxg4 26. O-O Nh4 27. f3 Qh5 28. Bxg7 Rg8 29. Rcd1 Qg5 30. Rd7 a6 31. Qd2 Qb5 32. Qd5 Qb6+ 33. Kh1 Rc8 34. Qg5 Ng6 35. Nxg6 hxg6 36. Rfd1 Qf2 37. Qd2 Qh4 38. Qd5 g5 39. Qb3 Rb8 40. Qb6 g4 41. Ra1 Na7 42. Bd4 1-0

[Event "Madrid-chT 2425"]
[Site "Madrid"]
[Date "2024.12.01"]
[Round "2.2"]
[White "Pinto, Daniel"]
[Black "Lopez Mijail, Nicolas"]
[Result "0-1"]
[WhiteElo "2331"]
[BlackElo "2274"]
[PlyCount "70"]
[GameId "2118566653546628"]
[EventDate "2024.11.24"]
[EventType "team-tourn"]
[EventRounds "14"]
[EventCountry "ESP"]
[SourceVersionDate "2011.03.15"]
[WhiteTeam "Blanco y Negro"]
[BlackTeam "Jaque Mate"]
[WhiteTeamCountry "ESP"]
[BlackTeamCountry "ESP"]

1. c4 c5 2. Nc3 Nc6 3. g3 g6 4. Bg2 Bg7 5. e3 e6 6. Nge2 Nge7 7. O-O O-O 8. Rb1 d5 9. d3 b6 10. b3 Bb7 11. a3 Qd7 12. Qc2 Rad8 13. Rd1 d4 14. exd4 cxd4 15. Ne4 Ne5 16. Rf1 f5 17. Nd2 Bxg2 18. Kxg2 Qc6+ 19. Kg1 Bh6 20. f4 Nd5 21. Nxd4 Qc5 22. Bb2 Ne3 23. Qc3 Nxf1 24. Kxf1 Ng4 25. h3 Bg7 26. N2f3 Nh2+ 27. Nxh2 Bxd4 28. Qe1 Qc6 29. Bxd4 Rxd4 30. Kf2 Rxd3 31. Rb2 Rfd8 32. a4 Rd1 33. Qe3 R8d3 34. Qe5 R1d2+ 35. Rxd2 Rxd2+ 0-1